| 000 | 00963nam a22002177a 4500 | ||
|---|---|---|---|
| 999 |
_c7805 _d7805 |
||
| 003 | AR-CdUCM | ||
| 008 | 190321b ||||| |||| 00| 0 spa d | ||
| 020 | _a9972-42-050-7 | ||
| 040 |
_aMUNICIPALIDAD PROVINCIAL DEL CUSCO _cBIBLIOTECA MUNICIPAL DEL CUSCO |
||
| 082 |
_a615.882 / _bP75 |
||
| 100 |
_aPolia Meconi, Mario _922062 |
||
| 245 |
_aDespierta, remedio, cuenta... : _badivinos y médicos del Ande / |
||
| 260 |
_aLima : _bPontificia Universidad Católica del Perú, Fondo Editorial, _c1996. |
||
| 300 |
_a411 páginas ; _bIlustraciones, _c20 cm. |
||
| 505 | _aContenido: t.1 -- Geografía, clima, zona de vida y de producción, lineamiento arqueológico -- Método e instrumentos de trabajo -- El curandero y el sistema iniciático -- Sueño y vovación curanderil en la sierra de Piura ... | ||
| 650 |
_aMedicina andina _922063 |
||
| 650 |
_aCuranderos y curanderismo _922064 |
||
| 650 |
_aMedicina popular _96958 |
||
| 942 |
_2ddc _cLIBROS |
||
| 945 | _aacv | ||